El ratón más famoso /
Pérez colecciona dientes de leche. Pero, ¿es ese su único hobby?... "El ratón más famoso", un álbum sobre letras y otros misterios escondidos en los libros. Las ilustraciones son fotografías de un juguete hecho enteramente en cartulina recortada con tijera y trincheta, y pegada con cola co...
Guardado en:
| Autor Principal: | |
|---|---|
| Formato: | Libro |
| Publicado: |
Buenos Aires :
Del Eclipse,
2013
|
| Series: | Libros - álbum del eclipse
|
| Materias: | |
| Etiquetas: |
Agregar Etiqueta
Sin Etiquetas, Sea el primero en etiquetar este registro!
|
| LEADER | 01160nam a22002655a 4500 | ||
|---|---|---|---|
| 001 | CEM.cems015326 | ||
| 008 | 130507s2013##################000#0#####d | ||
| 005 | 20250604161123.0 | ||
| 245 | 1 | 0 | |a El ratón más famoso / |c Istvan Schritter |
| 260 | |a Buenos Aires : |b Del Eclipse, |c 2013 | ||
| 300 | |a 24 p. | ||
| 490 | 1 | |a Libros - álbum del eclipse | |
| 500 | |a Istvansch seudónimo de Istvan Schritter | ||
| 520 | |a Pérez colecciona dientes de leche. Pero, ¿es ese su único hobby?... "El ratón más famoso", un álbum sobre letras y otros misterios escondidos en los libros. Las ilustraciones son fotografías de un juguete hecho enteramente en cartulina recortada con tijera y trincheta, y pegada con cola común. | ||
| 020 | |a 9789871580354 | ||
| 100 | 1 | |a Schritter, Istvan | |
| 082 | 0 | 4 | |a A868.4 |
| 653 | |a Literatura | ||
| 653 | |a Literatura argentina | ||
| 653 | |a Literatura infantil | ||
| 653 | |a Cuentos infantiles | ||
| 653 | |a Colección ciencias de la educación | ||
| 653 | |a Libro Álbum | ||
| 859 | |a CEMS |b BIB. CEMS - Inicial y Primaria |h A868.4 |i Sch74 |k IP |p 3521 |t Ej.1 | ||
| 859 | |a CEMS |b BIB. CEMS - Ccias. Educacion |h A868.4 |i Sch74 |k CE |p 28600.19 |t Ej.1 | ||
